000 00557nam a2200181 4500
001 VA16376
003 ES-SlBCS
005 20210601153502.0
008 140520s1954 xxu||||| |||| 00| 0 spa d
041 _aspa
100 1 _aBaur, Benedicto
_9359033
245 1 0 _aAve María. Meditaciones sobre los misterios de María
_cBenedicto Baur;Gregorio De Jesús Crucificado
260 _aSan Sebastián :
_bDinor
_c, 1954
300 _a175 p.;
_c14 cm
650 _aMeditaciones Marianas
_9359034
700 1 0 _aGregorio de Jesús Crucificado
_9351572
942 _cBK
999 _c791842
_d791842